Esam Cram Windows 2000 Server Microsoft Certified Systems Engineer (Record no. 346066)

000 -LEADER
fixed length control field 00282 a2200097 4500
090 ## - LOCALLY ASSIGNED LC-TYPE CALL NUMBER (OCLC); LOCAL CALL NUMBER (RLIN)
-- 3595
-- 3595
100 ## - MAIN ENTRY--PERSONAL NAME
Personal name Natasha knight
245 ## - TITLE STATEMENT
Title Esam Cram Windows 2000 Server Microsoft Certified Systems Engineer
260 ## - PUBLICATION, DISTRIBUTION, ETC.
Place of publication, distribution, etc. Dreamtech Press
Name of publisher, distributor, etc. New Delhi
Date of publication, distribution, etc. 2000
942 ## - ADDED ENTRY ELEMENTS (KOHA)
Institution code [OBSOLETE] NBS
Koha item type Book
Call number prefix 005.1 KNI
Holdings
Withdrawn status Lost status Damaged status Not for loan Permanent Location Current Location Shelving location Date acquired Total Checkouts Full call number Barcode Date last seen Date last checked out Price effective from Koha item type
        Central Library (CL) Central Library (CL) First Floor - Software Engineering/ Programming Language 08/28/2013 1 005.1 KNI NBS4059 11/22/2017 07/18/2017 08/28/2013 Book
© 2023 Central Library, National University of Sciences and Technology. All Rights Reserved.